| 000 | 00672nam a22001815i 4500 | ||
|---|---|---|---|
| 001 | 170600 | ||
| 003 | ES-MaACL | ||
| 005 | 20230906214419.0 | ||
| 008 | 090323s1909 fr |||| | fre d | ||
| 080 | _a821.133.1-2"19" | ||
| 100 | 1 |
_aFlers, Robert de. _951180 |
|
| 245 | 1 | 2 |
_aL'ane de Buridan _b: comédie en trois actes / _cpar Robert de Flers et G.-A. de Caillavet. |
| 260 |
_a[Paris : _bL'Illustration, _c1909] |
||
| 300 |
_a36 p. : _bil. ; _c30 cm. |
||
| 500 | _aPublicado en: L'Illustration théatrale, nº119, 1er mai 1909. | ||
| 700 | 1 |
_aCaillavet, Gaston-Arman de. _9139185 |
|
| 852 |
_aES-MaACL _j2278-F-22 _9R.141171 _z.- Biblioteca Jacinto Martínez Lacalle |
||
| 999 |
_c170600 _d170600 |
||